SLOVENSKÝ ZVÄZ VČELÁROV NOVÝM ČLENOM APIMONDIE

Bibliographic Details
Format: Article
Language:Slovak

MARC

LEADER 00000nab a2200000ua 4500
001 vtls010784900
003 SK-MaSNL
005 20260225191414.0
008 230131s1969 xo |||||||||||||||||slo|
035 |a (urnnbn)urn:nbn:sk:snk:ar-a002me 
035 |a (uuid)6b601abc-7152-437d-ac31-14f218babdd4 
035 |a urn:nbn:sk:snk-ab4zly 
040 |a SNKBUCL  |b slo  |c SNKBUCL  |e AACR2 
041 0 |a slo 
044 |a xo  |c SK 
245 0 0 |a SLOVENSKÝ ZVÄZ VČELÁROV NOVÝM ČLENOM APIMONDIE 
773 0 |t Včelár : odborný časopis Povereníctva poľnohospodárstva a lesného hospodárstva a Ústredia včelárskych združení na Slovensku  |g Roč. 43, č. 10 (1969), s. 244-245 
954 |a odborná, vedecká literatúra pôvodná (slovenská)  |2 lita 
958 |a OND 
958 |a EUIPO 
958 |a article3 
999 |c 1908228  |d 1910158